Spell the Marvel Character #269 - Statistics

General Stats
  • This quiz has been taken 14 times
  • The average score is 13 of 17
Answer Stats
Picture Answer % Correct
Thing
100%
Thor
100%
Elektra
92%
Red Hulk
92%
Agent Venom
83%
Ant-Man
83%
Hawkeye (Kate Bishop)
83%
Invisible Woman
83%
Spectrum
75%
Yellowjacket
75%
Lionheart
67%
Echo
58%
Forge
58%
Jack of Hearts
58%
Spider-Boy
58%
Lyja the Laserfist
50%
Loa
42%
No matching quizzes found
Score Distribution
Percent of People with Each Score
Percentile by Number Answered
Your Score History
You have not taken this quiz